000 00951cab a2200253 4500
001 WB3120-07
008 090401t1995 xxu||||| |||| 00| 0 eng d
035 _a(Sirsi) u74793
041 _aeng
245 4 _aThe great motorway sale of the century
260 _c1995
350 _a0
490 _aFinancial Times
_v20 May 1995, W3(2)
520 _aSuggests that more interest in the sale of 30 motorway service sites is coming from groups of private investors than existing operators. Discusses the pros and cons of institutional investment in freeholds. (See also WB3118-29 and WB3117-63).
650 _aCAPITAL VALUES
650 _aHIGHWAYS AGENCY
650 _aINSTITUTIONAL INVESTMENT
650 _aMOTORWAY SERVICE STATIONS
650 _aRATE OF RETURN
690 _aPROPERTY-COMMERCIAL PROPERTY-COMMERCIAL PROPERTY FINANCE AND INVESTMENT
690 _aLANDLORD AND TENANT-BUSINESS TENANCIES
942 _n0
948 _c04/03/1997
999 _c47125
_d47125